| 000 | 00730nam a2200229Ia 4500 | ||
|---|---|---|---|
| 005 | 20230829152230.0 | ||
| 008 | 210716s2008 xx 000 0 und d | ||
| 020 | _a9788120339132 | ||
| 040 | _cAIMIT LIBRARY | ||
| 041 | _aeng | ||
| 082 |
_a368.08 _29 _bDORM |
||
| 100 |
_aDorfman, Mark S. _9131367 |
||
| 245 |
_aIntroduction to risk management and insurance / _cBy Mark S Dorfman. |
||
| 250 | _a9th ed. | ||
| 260 |
_aNew Delhi : _bPHI Learning private limited. , _c2008. |
||
| 300 |
_axxxi,567p. ; _bPB _c25 cm |
||
| 650 |
_aInsurance(368) _9131368 |
||
| 651 |
_aDefining the insurable event _9131369 |
||
| 651 |
_aHomeowners insurance _9131370 |
||
| 651 |
_aSocial security _9131371 |
||
| 942 |
_2ddc _cBK _e9th _k368.08 DORM |
||
| 999 |
_c206594 _d206594 |
||